000 00316nam a22001097a 4500
082 _a355.47 COL'I
100 _aCOLE, D. H CAPTAIN
_957616
245 _aIMPERIAL MILITARY GEOGRAPHY GENERAL CHARACTERISTICS OF THE EMPIRE IN RELATION TO DEFENCE
260 _aLONDON
_bSIFTON PRAED
_c1928
300 _a413P
942 _cBK
999 _c567883
_d567883